00596nam a22001817a 4500003001100000005001700011008004100028040003900069041000800108082001300116100003300129245007600162260005300238650001300291942000700304952008800311999001500399LK-CoMWRAF20230922232733.0230922b1996 |||||||| |||| 00| 0 eng d aLK-CoMWRAFdLK-CoMWRAFeLK-CoMWRAF aeng a299bSAI aSaibaba, Bhagavan Sri Sathya aThe Power and the potency of the gayatri mantra as taught and expounded aColombo :bThe Sri sathya sai organisationc1996 aSai baba cBK 00104070aMAINbMAINd2023-09-22l0o299 SAIpRAF1285r2023-09-22w2023-09-22yBK c3623d3623